Безопасность атомных станций. Вероятностный анализ

Detalles Bibliográficos
Autor Principal: Острейковский В. А. Владислав Алексеевич
Outros autores: Швыряев Ю. В. Юрий Васильевич
Summary:Рассмотрены основы теории безопасности атомных станций (АС). Дается систематическое изложение современной методологии, принципов и критериев вероятностного анализа безопасности (ВАБ) энергоблоков АС. Большое внимание уделено математическим методам и моделям теории безопасности и риска с позиций ВАБ. Детально изложены технология выполнения ВАБ АС и методика оценки безопасности АС на основе ВАБ. Теоретические основы безопасности и ВАБ применены для выработки решений по безопасности при проектировании и эксплуатации АС с ВВЭР. Для научных работников и проектантов НИИ и КБ, инженерно-технического персонала по обеспечению безопасности АС, аспирантов и студентов энергетических вузов и факультетов повышения квалификации работников ядерной отрасли.
Idioma:ruso
Publicado: Москва, Физматлит, 2008
Subjects:
Formato: Libro
KOHA link:https://koha.lib.tpu.ru/cgi-bin/koha/opac-detail.pl?biblionumber=150588

MARC

LEADER 00000nam0a2200000 4500
001 150588
005 20231101221509.0
010 |a 9785922109987 
035 |a (RuTPU)RU\TPU\book\163267 
090 |a 150588 
100 |a 20090113d2008 km y0rusy50 ca 
101 0 |a rus 
102 |a RU 
105 |a a z 001zy 
200 1 |a Безопасность атомных станций. Вероятностный анализ  |f В. А. Острейковский, Ю. В. Швыряев 
210 |a Москва  |c Физматлит  |d 2008 
215 |a 350 с.  |c ил. 
320 |a Библиогр.: с. 335-349. 
330 |a Рассмотрены основы теории безопасности атомных станций (АС). Дается систематическое изложение современной методологии, принципов и критериев вероятностного анализа безопасности (ВАБ) энергоблоков АС. Большое внимание уделено математическим методам и моделям теории безопасности и риска с позиций ВАБ. Детально изложены технология выполнения ВАБ АС и методика оценки безопасности АС на основе ВАБ. Теоретические основы безопасности и ВАБ применены для выработки решений по безопасности при проектировании и эксплуатации АС с ВВЭР. Для научных работников и проектантов НИИ и КБ, инженерно-технического персонала по обеспечению безопасности АС, аспирантов и студентов энергетических вузов и факультетов повышения квалификации работников ядерной отрасли. 
606 1 |a Атомные электрические станции  |x Безопасность  |x Вероятностный анализ  |2 stltpush  |3 (RuTPU)RU\TPU\subj\67328  |9 83172 
610 1 |a атомные станции 
610 1 |a АЭС 
610 1 |a безопасность 
610 1 |a вероятностный анализ 
610 1 |a количественные показатели 
610 1 |a математические методы 
610 1 |a логико-вероятностные методы 
610 1 |a структурные модели 
610 1 |a расчет 
610 1 |a методология 
610 1 |a персонал 
610 1 |a базы данных 
610 1 |a обоснование 
675 |a 621.311.25:621.039.58  |v 3 
700 1 |a Острейковский  |b В. А.  |g Владислав Алексеевич 
701 1 |a Швыряев  |b Ю. В.  |g Юрий Васильевич 
801 1 |a RU  |b 63413507  |c 20090113  |g PSBO 
801 2 |a RU  |b 63413507  |c 20150615  |g PSBO 
942 |c BK